[Event "Online Olym Div4 D"]
[Site "Chess.com INT"]
[Date "2021.08.20"]
[Round "1.2"]
[White "Matoewi, Roger"]
[Black "Diatta Kaunduma, Robert"]
[Result "1-0"]
[WhiteElo "2015"]
[BlackElo "1635"]
[PlyCount "63"]
[EventDate "2021.08.20"]
[EventType "team (rapid)"]
[EventRounds "11"]
[EventCountry "USA"]
[SourceTitle "CBM 203 Extra"]
[Source "ChessBase"]
[SourceDate "2021.09.30"]
[SourceVersion "1"]
[SourceVersionDate "2021.09.30"]
[SourceQuality "1"]
[WhiteTeam "Surinam"]
[BlackTeam "Senegal"]
[WhiteTeamCountry "SUR"]
[BlackTeamCountry "SEN"]

1. e4 e5 2. Nf3 d6 3. d4 exd4 4. Nxd4 g6 5. Nc3 a6 6. a4 b6 7. Bc4 Bg7 8. 0-0 Nf6 9. Bg5 h6 10. Bh4 c6 11. f4 Qc7 12. e5 Nh7 13. Ne4 d5 14. Nd6+ Kf8 15. Bd3 c5 16. Nf3 Nc6 17. Qe1 c4 18. Be2 Be6 19. c3 Rg8 20. Bd1 Bh8 21. Bc2 Rg7 22. Nd4 Nxd4 23. cxd4 Qd7 24. Qb4 Kg8 25. Qxb6 g5 26. Bxh7+ Kxh7 27. fxg5 hxg5 28. Bg3 Rg6 29. Rf2 Bg7 30. Raf1 Rf8 31. Qxa6 Rh6 32. Qb5 1-0

[Event "Africa-ch"]
[Site "Lilongwe"]
[Date "2021.05.18"]
[Round "1"]
[White "Diatta Kaunduma, Robert"]
[Black "Nassr, Ali"]
[Result "0-1"]
[WhiteElo "1785"]
[BlackElo "2232"]
[PlyCount "60"]
[EventDate "2021.05.18"]
[EventType "swiss"]
[EventRounds "9"]
[EventCountry "MWI"]
[SourceTitle "CBM 202 Extra"]
[Source "ChessBase"]
[SourceDate "2021.07.31"]
[SourceVersion "1"]
[SourceVersionDate "2021.07.31"]
[SourceQuality "1"]

1. d4 d5 2. e3 Nf6 3. Bd3 c5 4. c3 Nc6 5. f4 Bg4 6. Nf3 e6 7. Nbd2 Bd6 8. 0-0 0-0 9. Qe1 cxd4 10. cxd4 Nb4 11. Bb1 Bf5 12. a3 Nc2 13. Bxc2 Bxc2 14. Ne5 Rc8 15. Ndf3 Ne4 16. Nd2 f6 17. Nef3 Bd3 18. Nxe4 dxe4 19. Nd2 Bxf1 20. Qxf1 f5 21. Nc4 Bb8 22. Bd2 Bxf4 23. Qxf4 Rxc4 24. Bb4 Re8 25. Bd6 Qc8 26. b4 Rc1+ 27. Rxc1 Qxc1+ 28. Kf2 Rc8 29. Qg5 Qd2+ 30. Kg3 Rc3 0-1